000 00233 a2200085 4500
020 _a 9781943532520
100 _a Peter Cookson Smith
245 _aAn Enterprising Path to Barrio Chino: A Story of Barcelona
260 _bORO Editions
_c2020
999 _c13463
_d13463